00502nam a22001457a 4500003000500000038001800005082000800023100002700031245012700058264003700185300001200222650002500234700004000259856005700299NUST aNusrat Nadeem a200 aNawaz, Muhammad Awais  aA Hybrid Machine Learning Technique for Short-Term Electric Load Forecasting for Residential Users /cMuhammad Awais Nawaz aIslamabad :bSEECS, NUST,c2022. a42 p. ; aMS-Computer Science  aSupervisor: Dr. Hashir Moheed Kiani uhttp://10.250.8.41:8080/xmlui/handle/123456789/29972